000 00450nam a2200121Ia 4500
008 220615s9999||||xx |||||||||||||| ||und||
100 _aDanilo Godone
245 0 _aGlacier Evolution in a Changing World
546 _aEnglish[eng]
650 _aClimatology||Physical Sciences||Engineering and Technology||Paleoclimatology||Earth and Planetary Sciences
856 _uhttps://www.intechopen.com/books/glacier-evolution-in-a-changing-world
942 _cEB
999 _c12290
_d12290